| 000 | 00917nam1a22002531i 4500 | ||
|---|---|---|---|
| 001 | rc\4074799 | ||
| 005 | 20240726041437.0 | ||
| 035 | _a(NLR Aleph) 008122107 | ||
| 090 |
_a9370329 _c9370329 |
||
| 100 | _a20130415d1952 |||y0rusy50 ca | ||
| 101 | 0 | _arus | |
| 102 | _aRU | ||
| 105 | _a z ||||| | ||
| 200 | 1 |
_aОтделочные процессы и покрытия _fПод общ. ред. проф. С.И. Фрейберга. [Сб.] 1- |
|
| 210 |
_aМосква _cОборонгиз _d1952 |
||
| 215 | _d22 | ||
| 225 | 1 | _aМатериалы по обмену производственно-техническим опытом | |
| 606 |
_aНикелирование _2psbo |
||
| 606 |
_aЗащитные покрытия _2psbo |
||
| 702 | 1 |
_aФрейберг _bС.И. _gСергей Иванович _4340 |
|
| 801 | 0 |
_aRU _bNLR _gpsbo |
|
| 801 | 1 |
_aRU _bELAR _2rusmarc |
|
| 852 |
_aNLR _jТ36 Г-6/1092 |
||
| 942 | _cBOOK | ||